000 00692nam a2200241Ia 4500
003 OSt
005 20220926040538.0
006 a|||||r|||| 00| 0
007 ta
008 220923b |||||||| |||| 00| 0 eng d
037 _cGeneral Book
040 _aRTL
_cRTL
_beng
041 _2eng
_aeng
082 _aX:991.1(X).N6, K4
110 _aInternational labour Office
245 0 _aProblems of employment in economic development
260 _c1964
490 _aInternational Institute for labour studies, reprint series.2
650 _aLabour Market
700 _aInternational labour Office
942 _hX:991.1(X).N6, K4
_cGB
_2CC
999 _c665050
_d665050